[Event "European Blitz Championship 2021"]
[Site "Katowice"]
[Date "2021.12.17"]
[Round "9.30"]
[White "Zalega, Maciej"]
[Black "Mica, Marek"]
[Result "0-1"]
[WhiteElo "1566"]
[BlackElo "2055"]
[Annotator "NA"]
[PlyCount "106"]
[EventDate "2021.12.17"]
[EventType "swiss"]
[EventCountry "POL"]
[SourceTitle "playchess.com"]
[Source "ChessBase"]
[SourceQuality "1"]

1. e4 c6 2. d4 d5 3. Nc3 dxe4 4. Nxe4 Bf5 5. Ng3 Bg6 6. Nh3 e6 7. Nf4 Bd6 8. c3
Qc7 9. Qf3 Nf6 10. h4 Bxf4 11. Bxf4 Qb6 12. b3 h5 13. Be5 Nbd7 14. Bf4 Nd5 15.
Bd2 N7f6 16. Bd3 Bxd3 17. Qxd3 O-O-O 18. O-O Qc7 19. Rac1 Rhe8 20. Bg5 Kb8 21.
Qd2 Ka8 22. Rfe1 Ne7 23. Bxf6 gxf6 24. Nxh5 Rh8 25. Nxf6 Rxh4 26. g3 Rhh8 27.
Qe3 Nf5 28. Qe5 Qe7 29. Qxf5 Qf8 30. Qf4 Qg7 31. Re5 Rh6 32. Ne4 Rdh8 33. Qf3
Qh7 34. Kf1 Rh1+ 35. Ke2 Rxc1 36. Ng5 Qc2+ 37. Ke3 Re1+ 38. Kf4 Qd2+ 39. Kg4
Rxe5 40. dxe5 Rg8 41. Qf4 Qe2+ 42. f3 Qd3 43. Qxf7 Qd8 44. f4 Qd1+ 45. Kh3 Rh8+
46. Nh7 Qd3 47. f5 Qxf5+ 48. Qxf5 exf5 49. g4 Rxh7+ 50. Kg3 fxg4 51. Kxg4 Kb8
52. Kf5 Kc7 53. Kf6 Kd8 0-1

[Event "European Blitz Championship 2021"]
[Site "Katowice"]
[Date "2021.12.17"]
[Round "10.1"]
[White "Blohberger, Felix"]
[Black "Duda, Jan-Krzysztof"]
[Result "1/2-1/2"]
[WhiteElo "2490"]
[BlackElo "2756"]
[Annotator "TA"]
[PlyCount "122"]
[EventDate "2021.12.17"]
[EventType "swiss"]
[EventCountry "POL"]
[SourceTitle "playchess.com"]
[Source "ChessBase"]
[SourceQuality "1"]

1. d4 Nf6 2. Nf3 e6 3. Bf4 b6 4. e3 Bb7 5. Bd3 Be7 6. h3 c5 7. O-O O-O 8. c3
cxd4 9. cxd4 Nc6 10. Nc3 Nb4 11. Be2 Rc8 12. Nb5 Nbd5 13. Nxa7 Nxf4 14. exf4
Ra8 15. Nb5 Qb8 16. g3 Rc8 17. a3 Bc6 18. Ne5 Nd5 19. Qd2 Ra5 20. Nxc6 dxc6 21.
Nc3 g6 22. Nxd5 Rxd5 23. Bf3 Rd6 24. Rfd1 Bf6 25. Qb4 Bxd4 26. Kg2 c5 27. Qb5
c4 28. Rd2 Rc5 29. Qa4 b5 30. Qd1 Qd8 31. Rc1 Rc7 32. Qe2 Rcd7 33. a4 Bb6 34.
Rxd6 Rxd6 35. Rc2 bxa4 36. Qxc4 Rd2 37. Qc3 Rxc2 38. Qxc2 Qd4 39. Bc6 h5 40. h4
Bc5 41. Bxa4 Qd5+ 42. Kf1 Bd4 43. Bb3 Qf3 44. Bc4 Kg7 45. Qd2 Qh1+ 46. Ke2 Qe4+
47. Kf1 Kf6 48. Bd3 Qf3 49. Bc4 Qh1+ 50. Ke2 Qe4+ 51. Kf1 Qb1+ 52. Kg2 Bxb2 53.
Bd3 Qa1 54. Be4 Bd4 55. Bf3 Qa7 56. Qe2 Qc5 57. Qd2 Ke7 58. Qe2 Qc3 59. Qa2 Kf8
60. Qe2 Kg7 61. Qa2 Qc5 1/2-1/2

[Event "European Blitz Championship 2021"]
[Site "Katowice"]
[Date "2021.12.17"]
[Round "10.1"]
[White "Kjartansson, Gudmundur"]
[Black "Molenda, Marcin"]
[Result "1/2-1/2"]
[WhiteElo "2382"]
[BlackElo "2097"]
[Annotator "NA"]
[PlyCount "92"]
[EventDate "2021.12.17"]
[EventType "swiss"]
[EventCountry "POL"]
[SourceTitle "playchess.com"]
[Source "ChessBase"]
[SourceQuality "1"]

1. Nf3 Nf6 2. c4 g6 3. Nc3 Bg7 4. g3 O-O 5. Bg2 d6 6. d4 c6 7. O-O Qa5 8. Qd2
e5 9. dxe5 dxe5 10. Ng5 Rd8 11. Qc2 Bf5 12. Nge4 Nbd7 13. Be3 Qb4 14. b3 Nxe4
15. Nxe4 Nf6 16. a3 Qf8 17. b4 Rd7 18. Nxf6+ Bxf6 19. Be4 Bxe4 20. Qxe4 Bg7 21.
b5 f5 22. Qc2 e4 23. Rad1 Rad8 24. Bxa7 Qxa3 25. Bb6 Rxd1 26. Rxd1 Rxd1+ 27.
Qxd1 Qa1 28. Qxa1 Bxa1 29. f3 cxb5 30. cxb5 exf3 31. exf3 Kf7 32. Kf2 Ke6 33.
Ke3 Kd5 34. Kd3 Be5 35. Bf2 Bd6 36. h3 Bc5 37. Be1 Bg1 38. Bb4 Bh2 39. g4 Bd6
40. Bxd6 Kxd6 41. gxf5 gxf5 42. Kd4 b6 43. h4 h5 44. f4 Ke6 45. Kc4 Kd6 46. Kd4
Ke6 1/2-1/2

[Event "European Blitz Championship 2021"]
[Site "Katowice"]
[Date "2021.12.17"]
[Round "10.2"]
[White "Plat, Vojtech"]
[Black "Vetoshko, Volodymyr"]
[Result "0-1"]
[WhiteElo "2548"]
[BlackElo "2525"]
[Annotator "ChessBase"]
[PlyCount "54"]
[EventDate "2021.12.17"]
[EventType "swiss"]
[EventCountry "POL"]
[SourceTitle "playchess.com"]
[Source "ChessBase"]
[SourceQuality "1"]

1. e4 c5 2. Nf3 e6 3. c3 d5 4. exd5 exd5 5. d4 Nf6 6. Bb5+ Bd7 7. Qe2+ Be7 8.
dxc5 O-O 9. Be3 Re8 10. b4 Ng4 11. O-O Nxe3 12. fxe3 Bf6 13. Bxd7 Nxd7 14. Qd3
a5 15. Nd4 Ne5 16. Qb5 axb4 17. Qxb4 Nc4 18. Re1 Nxe3 19. Na3 Bxd4 20. cxd4 Qg5
21. Re2 Nd1 22. Rxe8+ Rxe8 23. h4 Qe3+ 24. Kh1 Nf2+ 25. Kh2 Ng4+ 26. Kh1 Qg3
27. Qb3 Qh2# 0-1

[Event "European Blitz Championship 2021"]
[Site "Katowice"]
[Date "2021.12.17"]
[Round "10.2"]
[White "Kiolbasa, Damian"]
[Black "Nasuta, Grzegorz"]
[Result "0-1"]
[WhiteElo "1965"]
[BlackElo "2377"]
[Annotator "NA"]
[PlyCount "52"]
[EventDate "2021.12.17"]
[EventType "swiss"]
[EventCountry "POL"]
[SourceTitle "playchess.com"]
[Source "ChessBase"]
[SourceQuality "1"]

1. d4 d5 2. c4 e6 3. Nc3 c6 4. e3 Nf6 5. Qc2 Nbd7 6. Nf3 Bd6 7. g4 h6 8. Rg1 e5
9. cxd5 cxd5 10. dxe5 Nxe5 11. Bb5+ Bd7 12. Nxe5 Bxe5 13. Qa4 O-O 14. Bxd7 Nxd7
15. Bd2 Nc5 16. Qb5 Rc8 17. f4 Qh4+ 18. Kf1 Bxc3 19. Bxc3 Qh3+ 20. Rg2 Qxe3 21.
Re1 Qxf4+ 22. Rf2 Qg5 23. Re5 Qxg4 24. Rg2 Qf3+ 25. Kg1 d4 26. Bxd4 Qd1+ 0-1

[Event "European Blitz Championship 2021"]
[Site "Katowice"]
[Date "2021.12.17"]
[Round "10.3"]
[White "Gdanski, Jacek"]
[Black "Szpar, Milosz"]
[Result "1-0"]
[WhiteElo "2367"]
[BlackElo "2285"]
[Annotator "ChessBase"]
[PlyCount "47"]
[EventDate "2021.12.17"]
[EventType "swiss"]
[EventCountry "POL"]
[SourceTitle "playchess.com"]
[Source "ChessBase"]
[SourceQuality "1"]

1. e4 c5 2. Nc3 e6 3. Nf3 Nc6 4. d4 cxd4 5. Nxd4 Nf6 6. Nxc6 bxc6 7. Bd3 d5 8.
O-O Be7 9. Qe2 a5 10. b3 O-O 11. Bb2 Nd7 12. Na4 Qc7 13. c4 Ne5 14. exd5 Nxd3
15. Qxd3 cxd5 16. cxd5 Ba6 17. Qe4 Bxf1 18. Qg4 e5 19. Rxf1 Rac8 20. Re1 Rfe8
21. h3 Bb4 22. Re3 Rcd8 23. Qe4 Qb7 24. Rg3 1-0

[Event "European Blitz Championship 2021"]
[Site "Katowice"]
[Date "2021.12.17"]
[Round "10.3"]
[White "Keinanen, Toivo"]
[Black "Jonsson, Gauti Pall"]
[Result "1-0"]
[WhiteElo "2358"]
[BlackElo "2095"]
[Annotator "ChessBase"]
[PlyCount "115"]
[EventDate "2021.12.17"]
[EventType "swiss"]
[EventCountry "POL"]
[SourceTitle "playchess.com"]
[Source "ChessBase"]
[SourceQuality "1"]

1. d4 Nf6 2. Nf3 b6 3. e3 Bb7 4. Bd3 g6 5. c4 Bg7 6. Nc3 O-O 7. O-O d6 8. e4 e5
9. d5 Nh5 10. Rb1 Nf4 11. b4 Nd7 12. Be3 Nxd3 13. Qxd3 f5 14. c5 f4 15. c6 fxe3
16. cxb7 Rb8 17. Qa6 Rxf3 18. gxf3 Bh6 19. fxe3 Bxe3+ 20. Kh1 Qh4 21. Qa4 Bf4
22. Rb2 Qh3 23. Qa6 b5 24. Qxb5 Rxb7 25. Qe2 Bxh2 26. Qg2 Qxg2+ 27. Kxg2 Bf4
28. Ne2 Be3 29. Rd1 Nc5 30. a3 a5 31. Ra1 Na4 32. Rb3 Bg5 33. Rab1 Ra7 34. bxa5
Rxa5 35. Rb5 Ra6 36. Rb8+ Kg7 37. R1b7 Nc5 38. Rxc7+ Kh6 39. Rh8 Be3 40. Rhxh7+
Kg5 41. Ng1 Bxg1 42. Kxg1 Rxa3 43. Rxc5 dxc5 44. Kf2 Rd3 45. Rc7 Kf4 46. Rf7+
Kg5 47. Ke2 Rd4 48. Ke3 c4 49. f4+ Kh6 50. fxe5 Rd1 51. e6 c3 52. Rc7 Re1+ 53.
Kd4 Rd1+ 54. Ke5 Ra1 55. e7 Ra8 56. d6 Ra5+ 57. Ke6 Ra4 58. e5 1-0

[Event "European Blitz Championship 2021"]
[Site "Katowice"]
[Date "2021.12.17"]
[Round "10.4"]
[White "Kosakowski, Jakub"]
[Black "Kovalenko, Igor"]
[Result "1/2-1/2"]
[WhiteElo "2340"]
[BlackElo "2668"]
[Annotator "ChessBase"]
[PlyCount "107"]
[EventDate "2021.12.17"]
[EventType "swiss"]
[EventCountry "POL"]
[SourceTitle "playchess.com"]
[Source "ChessBase"]
[SourceQuality "1"]

1. e4 d5 2. exd5 Qxd5 3. Nc3 Qa5 4. d4 Nf6 5. Bc4 Bg4 6. Nge2 Nc6 7. f3 Bf5 8.
Bd2 O-O-O 9. d5 Ne5 10. Bb3 Qb6 11. Bf4 Ng6 12. Qd2 e5 13. Bg5 h6 14. Bxf6 Qxf6
15. O-O-O Bd6 16. Ng3 Bd7 17. Kb1 Qf4 18. Qf2 Kb8 19. Nce4 f5 20. Nc5 Qh4 21.
Ne6 Rdg8 22. Qd2 Qf6 23. Rhe1 Nf8 24. f4 e4 25. Nd4 g5 26. fxg5 Qxg5 27. Qf2
Ng6 28. Ne6 Bxe6 29. dxe6 Rf8 30. Rf1 e3 31. Qe2 Ne7 32. Rd3 f4 33. Ne4 Qe5 34.
Nxd6 cxd6 35. Rfd1 d5 36. Bxd5 Nxd5 37. Rxd5 Qxe6 38. a3 Rc8 39. Rd7 Rhf8 40.
R1d6 Qe4 41. Rxh6 Rfe8 42. Rhh7 Rc5 43. Rxb7+ Qxb7 44. Rxb7+ Kxb7 45. Qf3+ Kb6
46. b4 Rce5 47. Qxf4 e2 48. Qd4+ Kb7 49. Qd7+ Kb6 50. Qd6+ Kb7 51. Qd7+ Kb6 52.
Qd6+ Kb5 53. Qd7+ Kb6 54. Qd6+ 1/2-1/2

[Event "European Blitz Championship 2021"]
[Site "Katowice"]
[Date "2021.12.17"]
[Round "10.5"]
[White "Brodowski, Piotr"]
[Black "Stefansson, Hannes"]
[Result "0-1"]
[WhiteElo "2335"]
[BlackElo "2519"]
[Annotator "ChessBase"]
[PlyCount "69"]
[EventDate "2021.12.17"]
[EventType "swiss"]
[EventCountry "POL"]
[SourceTitle "playchess.com"]
[Source "ChessBase"]
[SourceQuality "1"]

1. c4 e5 2. Nc3 Nf6 3. Nf3 Nc6 4. e4 Bb4 5. d3 h6 6. a3 Bc5 7. b4 Bd4 8. Nxd4
Nxd4 9. Ne2 Nxe2 10. Bxe2 O-O 11. O-O c6 12. Bb2 Re8 13. f4 d6 14. Qe1 Bg4 15.
Bxg4 Nxg4 16. Qg3 Nf6 17. fxe5 dxe5 18. Rf3 Nh5 19. Qf2 Nf4 20. d4 f6 21. d5
cxd5 22. exd5 b5 23. Bc1 Ng6 24. Rg3 Kf7 25. Qf5 Nf8 26. Qh5+ g6 27. Qxh6 Re7
28. Rxg6 Nxg6 29. Qh7+ Ke8 30. h3 Rf7 31. Qxg6 bxc4 32. Be3 Qe7 33. Bc5 Qe6 34.
Qd3 e4 35. Qe3 0-1

[Event "European Blitz Championship 2021"]
[Site "Katowice"]
[Date "2021.12.17"]
[Round "10.5"]
[White "Povilaitis, Tomas"]
[Black "Wisniewski, Adrian"]
[Result "1-0"]
[WhiteElo "2101"]
[BlackElo "2351"]
[Annotator "NA"]
[PlyCount "85"]
[EventDate "2021.12.17"]
[EventType "swiss"]
[EventCountry "POL"]
[SourceTitle "playchess.com"]
[Source "ChessBase"]
[SourceQuality "1"]

1. e4 d6 2. d4 Nf6 3. Nc3 c6 4. f4 b5 5. a3 a6 6. Nf3 g6 7. Bd3 Bg7 8. O-O Bg4
9. h3 Bxf3 10. Qxf3 Qb6 11. Be3 O-O 12. b4 Ne8 13. f5 Bxd4 14. Nd1 Bxe3+ 15.
Nxe3 Nd7 16. Kh1 Ne5 17. Qg3 Nf6 18. fxg6 hxg6 19. Qg5 Nh7 20. Qh6 e6 21. Ng4
Nxg4 22. hxg4 Qd4 23. Rae1 Qg7 24. Qh2 Qe5 25. Qh6 Ng5 26. Re3 Ra7 27. Rf2 f6
28. Kg1 Rg7 29. Bf1 Rh7 30. Qxg6+ Kh8 31. Bd3 Qh2+ 32. Kf1 Qe5 33. Ke2 d5 34.
exd5 Qxd5 35. Kd2 e5 36. Rxf6 Rxf6 37. Qxf6+ Rg7 38. Qf8+ Qg8 39. Qf5 Qd5 40.
Rxe5 Qxg2+ 41. Kc3 Rf7 42. Re8+ Kg7 43. Qxg5# 1-0

[Event "European Blitz Championship 2021"]
[Site "Katowice"]
[Date "2021.12.17"]
[Round "10.6"]
[White "Demchenko, Anton"]
[Black "Wieczorek, Oskar"]
[Result "1-0"]
[WhiteElo "2655"]
[BlackElo "2258"]
[Annotator "ChessBase"]
[PlyCount "57"]
[EventDate "2021.12.17"]
[EventType "swiss"]
[EventCountry "POL"]
[SourceTitle "playchess.com"]
[Source "ChessBase"]
[SourceQuality "1"]

1. e4 c5 2. Nf3 d6 3. d4 cxd4 4. Qxd4 Nc6 5. Qe3 g6 6. h3 Bg7 7. Bc4 Nf6 8. O-O
O-O 9. Nc3 Bd7 10. Rd1 Qc7 11. Qe2 Na5 12. Bd3 Rac8 13. Bg5 Be6 14. Rab1 Nc4
15. Nb5 Qc5 16. Nbd4 Ne5 17. Be3 Nxf3+ 18. Qxf3 Qa5 19. Nxe6 fxe6 20. Qe2 Qxa2
21. Ra1 Qxb2 22. Rdb1 Qc3 23. Rxa7 d5 24. exd5 Nxd5 25. Rbxb7 Nxe3 26. Qxe3
Rxf2 27. Qxe6+ Rf7 28. Rxe7 Bd4+ 29. Kh1 1-0

[Event "European Blitz Championship 2021"]
[Site "Katowice"]
[Date "2021.12.17"]
[Round "10.6"]
[White "Galuszka, Tomasz"]
[Black "Ortega Ruiz, Jose Miguel"]
[Result "0-1"]
[WhiteElo "2181"]
[BlackElo "2317"]
[Annotator "NA"]
[PlyCount "54"]
[EventDate "2021.12.17"]
[EventType "swiss"]
[EventCountry "POL"]
[SourceTitle "playchess.com"]
[Source "ChessBase"]
[SourceQuality "1"]

1. e4 d5 2. exd5 Qxd5 3. Nc3 Qa5 4. d4 Nf6 5. Bc4 c6 6. Bd2 Qb6 7. Nf3 Bf5 8.
Qe2 Nbd7 9. O-O-O e6 10. d5 cxd5 11. Nxd5 Nxd5 12. Bxd5 Rc8 13. Bb3 Nc5 14. Be3
Nxb3+ 15. axb3 Qa5 16. Kb1 Rxc2 17. Qxc2 Bxc2+ 18. Kxc2 Qf5+ 19. Kc1 Bc5 20.
Bxc5 Qxc5+ 21. Kb1 Ke7 22. Rd2 Rd8 23. Rxd8 Kxd8 24. Rd1+ Ke7 25. Rd2 g5 26.
Nd4 Qe5 27. Ka2 Qxh2 0-1

[Event "European Blitz Championship 2021"]
[Site "Katowice"]
[Date "2021.12.17"]
[Round "10.7"]
[White "Kalogeris, Ioannis"]
[Black "Sotsky, Alexander"]
[Result "1-0"]
[WhiteElo "2287"]
[BlackElo "2087"]
[Annotator "NA"]
[PlyCount "81"]
[EventDate "2021.12.17"]
[EventType "swiss"]
[EventCountry "POL"]
[SourceTitle "playchess.com"]
[Source "ChessBase"]
[SourceQuality "1"]

1. e4 e6 2. d4 d5 3. e5 c5 4. c3 Bd7 5. Nf3 Nc6 6. Bd3 f5 7. h4 Qb6 8. dxc5
Bxc5 9. O-O a5 10. a4 Nge7 11. h5 O-O-O 12. Na3 g6 13. h6 f4 14. Bxf4 Rdf8 15.
Bg5 Nf5 16. b4 axb4 17. cxb4 Nxb4 18. Nb5 Bxb5 19. axb5 Ng3 20. Bf6 Nxf1 21.
Bxh8 Bxf2+ 22. Kxf1 Bg3 23. Qd2 Nxd3 24. Ra8+ Kd7 25. Rxf8 Qxb5 26. Nd4 Qb1+
27. Ke2 Nxe5 28. Bxe5 Qe4+ 29. Qe3 Qxg2+ 30. Rf2 Bxf2 31. Qxf2 Qe4+ 32. Qe3
Qg2+ 33. Kd3 Qf1+ 34. Kd2 Qg2+ 35. Ne2 g5 36. Qc3 Qe4 37. Qc7+ Ke8 38. Qc8+ Kf7
39. Qd7+ Kg6 40. Qxe6+ Kh5 41. Ng3+ 1-0

[Event "European Blitz Championship 2021"]
[Site "Katowice"]
[Date "2021.12.17"]
[Round "10.7"]
[White "Grabarczyk, Miroslaw"]
[Black "Laurusas, Tomas"]
[Result "0-1"]
[WhiteElo "2279"]
[BlackElo "2553"]
[Annotator "ChessBase"]
[PlyCount "56"]
[EventDate "2021.12.17"]
[EventType "swiss"]
[EventCountry "POL"]
[SourceTitle "playchess.com"]
[Source "ChessBase"]
[SourceQuality "1"]

1. d4 d5 2. c4 c6 3. Nf3 Nf6 4. cxd5 Nxd5 5. e4 Nb6 6. Nc3 Bg4 7. Be2 N8d7 8.
O-O Bxf3 9. Bxf3 e5 10. dxe5 Nxe5 11. Be2 Bc5 12. Qc2 O-O 13. Bf4 Qe7 14. Rad1
Rfe8 15. Bg3 Rad8 16. Rxd8 Rxd8 17. Rd1 Bd4 18. h3 g5 19. Kh2 Ng6 20. Bg4 Be5
21. Rxd8+ Qxd8 22. Bxe5 Nxe5 23. Be2 Qd4 24. Nd1 Na4 25. Ne3 Nxb2 26. Nf5 Qxf2
27. Qc3 Nbd3 28. Bxd3 Nf3+ 0-1

[Event "European Blitz Championship 2021"]
[Site "Katowice"]
[Date "2021.12.17"]
[Round "10.8"]
[White "Pakleza, Zbigniew"]
[Black "Kowalczyk, Rafal"]
[Result "1-0"]
[WhiteElo "2496"]
[BlackElo "2252"]
[Annotator "ChessBase"]
[PlyCount "47"]
[EventDate "2021.12.17"]
[EventType "swiss"]
[EventCountry "POL"]
[SourceTitle "playchess.com"]
[Source "ChessBase"]
[SourceQuality "1"]

1. d4 Nf6 2. Nf3 e6 3. Bf4 c5 4. c3 Qb6 5. Qb3 Nc6 6. e3 d6 7. Nbd2 Nh5 8. Bg5
h6 9. Bh4 g5 10. Bg3 Nxg3 11. hxg3 Bg7 12. Qxb6 axb6 13. Nc4 Ke7 14. Nxb6 Ra7
15. dxc5 dxc5 16. Nxg5 f5 17. Nf3 Rd8 18. a3 e5 19. Nxc8+ Rxc8 20. Bb5 Kf6 21.
O-O-O e4 22. Nh4 Ne5 23. Rd6+ Ke7 24. Nxf5+ 1-0

[Event "European Blitz Championship 2021"]
[Site "Katowice"]
[Date "2021.12.17"]
[Round "10.8"]
[White "Grzesik, Gracjan"]
[Black "Kozak, Antoni"]
[Result "0-1"]
[WhiteElo "2208"]
[BlackElo "2272"]
[Annotator "NA"]
[PlyCount "72"]
[EventDate "2021.12.17"]
[EventType "swiss"]
[EventCountry "POL"]
[SourceTitle "playchess.com"]
[Source "ChessBase"]
[SourceQuality "1"]

1. c4 e6 2. Nc3 d5 3. d4 c6 4. e4 dxe4 5. Nxe4 Bb4+ 6. Bd2 Qxd4 7. Bxb4 Qxe4+
8. Be2 Na6 9. Ba5 b6 10. Bc3 Nf6 11. Qd6 Bd7 12. O-O-O O-O-O 13. Qa3 Kb7 14.
Qe7 Nb8 15. Qxf7 Qxg2 16. Bf3 Qg5+ 17. Rd2 Rhf8 18. Qe7 Rfe8 19. Qf7 e5 20. Nh3
Qf5 21. Ng1 Qe6 22. Qxg7 Rg8 23. Qh6 Rg6 24. Qe3 Qxc4 25. Ne2 Qxa2 26. Ng3 Nd5
27. Bxd5 cxd5 28. Qxe5 Ba4 29. Qe7+ Rd7 30. Qa3 Qxa3 31. bxa3 Nc6 32. Nf5 Rg4
33. Kb2 d4 34. Bb4 a5 35. Bd6 Rg5 36. f4 Rxf5 0-1

[Event "European Blitz Championship 2021"]
[Site "Katowice"]
[Date "2021.12.17"]
[Round "10.9"]
[White "Ustianovich, Nazar"]
[Black "Schneider, Ilja"]
[Result "0-1"]
[WhiteElo "2278"]
[BlackElo "2486"]
[Annotator "ChessBase"]
[PlyCount "22"]
[EventDate "2021.12.17"]
[EventType "swiss"]
[EventCountry "POL"]
[SourceTitle "playchess.com"]
[Source "ChessBase"]
[SourceQuality "1"]

1. d4 d5 2. Nf3 Nf6 3. c4 c6 4. Nc3 a6 5. cxd5 cxd5 6. Bf4 Nc6 7. Rc1 Ne4 8. e3
Nxc3 9. bxc3 Bf5 10. Bd3 Bxd3 11. Qxd3 e6 0-1

[Event "European Blitz Championship 2021"]
[Site "Katowice"]
[Date "2021.12.17"]
[Round "10.9"]
[White "Kulon, Klaudia"]
[Black "Grzadka, Marcin"]
[Result "1-0"]
[WhiteElo "2265"]
[BlackElo "2057"]
[Annotator "NA"]
[PlyCount "85"]
[EventDate "2021.12.17"]
[EventType "swiss"]
[EventCountry "POL"]
[SourceTitle "playchess.com"]
[Source "ChessBase"]
[SourceQuality "1"]

1. c4 Nf6 2. g3 e6 3. Bg2 d5 4. Nf3 Be7 5. O-O O-O 6. d4 b6 7. Nbd2 Bb7 8. Qc2
c5 9. cxd5 exd5 10. dxc5 bxc5 11. e3 Nc6 12. a3 Qb6 13. b3 d4 14. Nc4 Qc7 15.
exd4 Nxd4 16. Nxd4 Bxg2 17. Kxg2 cxd4 18. Bf4 Qc6+ 19. Kg1 Nd5 20. Be5 Bf6 21.
Qe4 Ne7 22. Qxc6 Nxc6 23. Bxf6 gxf6 24. Rfd1 a5 25. Rac1 Rfb8 26. Nd6 Ne5 27.
f4 Nf3+ 28. Kg2 Rxb3 29. Rc2 d3 30. Rc7 d2 31. Ne4 f5 32. Rc3 Rxc3 33. Nxc3
Ne1+ 34. Kf2 Rd8 35. Ke2 Re8+ 36. Kxd2 Nf3+ 37. Kc2 Nxh2 38. Rd5 Re3 39. Rxa5
Nf3 40. Nd5 Nd4+ 41. Kb2 Rxg3 42. Nf6+ Kg7 43. Nh5+ 1-0

[Event "European Blitz Championship 2021"]
[Site "Katowice"]
[Date "2021.12.17"]
[Round "10.10"]
[White "Tazbir, Marcin"]
[Black "Lewtak, Damian"]
[Result "1-0"]
[WhiteElo "2508"]
[BlackElo "2203"]
[Annotator "ChessBase"]
[PlyCount "63"]
[EventDate "2021.12.17"]
[EventType "swiss"]
[EventCountry "POL"]
[SourceTitle "playchess.com"]
[Source "ChessBase"]
[SourceQuality "1"]

1. c4 g6 2. g3 Bg7 3. Bg2 h5 4. Nf3 e5 5. d3 c6 6. Nc3 Ne7 7. d4 d6 8. dxe5
dxe5 9. Qxd8+ Kxd8 10. Ne4 Be6 11. Nfg5 Bxc4 12. Nd6 f6 13. Nxc4 fxg5 14. Bxg5
b5 15. O-O-O+ Kc7 16. Nd6 Nf5 17. Nxb5+ Kb6 18. Nc3 Na6 19. Rd7 Bh6 20. Bxh6
Rxh6 21. Rhd1 Rhh8 22. Na4+ Kb5 23. Rb7+ Ka5 24. Nc3 Nd4 25. a3 Nc5 26. Re7
Ncb3+ 27. Kb1 Rhf8 28. Rxe5+ Kb6 29. f4 Rae8 30. Rxe8 Rxe8 31. Ka2 c5 32. e3
1-0

[Event "European Blitz Championship 2021"]
[Site "Katowice"]
[Date "2021.12.17"]
[Round "10.10"]
[White "Wisniewski, Michal"]
[Black "Dzierzak, Radoslaw"]
[Result "0-1"]
[WhiteElo "2215"]
[BlackElo "2264"]
[Annotator "NA"]
[PlyCount "51"]
[EventDate "2021.12.17"]
[EventType "swiss"]
[EventCountry "POL"]
[SourceTitle "playchess.com"]
[Source "ChessBase"]
[SourceQuality "1"]

1. Nf3 Nf6 2. c4 e6 3. g3 d5 4. Bg2 dxc4 5. Na3 Bxa3 6. bxa3 Nc6 7. Bb2 Qe7 8.
O-O e5 9. Qc2 O-O 10. Qxc4 Be6 11. Qc2 Bd5 12. d3 Nd7 13. Bc3 f6 14. Qb2 Nb6
15. Qc2 Kh8 16. a4 a5 17. Rab1 Qf7 18. Rb2 Rfe8 19. e4 Be6 20. Rc1 Red8 21. Bd2
Rd7 22. Be3 Rad8 23. Bf1 Bg4 24. Nd2 Nb4 25. Qb3 Be6 26. Nc4 0-1

[Event "European Blitz Championship 2021"]
[Site "Katowice"]
[Date "2021.12.17"]
[Round "10.11"]
[White "Kowalski, Igor"]
[Black "Janik, Igor"]
[Result "1-0"]
[WhiteElo "2276"]
[BlackElo "2508"]
[Annotator "ChessBase"]
[PlyCount "43"]
[EventDate "2021.12.17"]
[EventType "swiss"]
[EventCountry "POL"]
[SourceTitle "playchess.com"]
[Source "ChessBase"]
[SourceQuality "1"]

1. d4 d6 2. Nf3 g6 3. e4 Bg7 4. Nc3 a6 5. Bc4 b5 6. Bd5 c6 7. Bb3 Nf6 8. Qe2
O-O 9. e5 Ne8 10. Bg5 d5 11. h4 f6 12. exf6 exf6 13. Bf4 Nc7 14. Bxc7 Qxc7 15.
Nxd5 cxd5 16. Bxd5+ Rf7 17. Qe8+ Bf8 18. Bxf7+ Qxf7 19. Qxc8 Qe7+ 20. Kf1 Qb4
21. Qb7 Qxb2 22. Re1 1-0

[Event "European Blitz Championship 2021"]
[Site "Katowice"]
[Date "2021.12.17"]
[Round "10.11"]
[White "Bauer, Thomas"]
[Black "Warchol, Bartosz"]
[Result "1-0"]
[WhiteElo "2204"]
[BlackElo "1737"]
[Annotator "NA"]
[PlyCount "46"]
[EventDate "2021.12.17"]
[EventType "swiss"]
[EventCountry "POL"]
[SourceTitle "playchess.com"]
[Source "ChessBase"]
[SourceQuality "1"]

1. e4 e5 2. Nf3 Nc6 3. Bb5 a6 4. Bxc6 dxc6 5. O-O f6 6. d4 exd4 7. Nxd4 c5 8.
Nb3 Qxd1 9. Rxd1 Bd7 10. Bf4 O-O-O 11. Nc3 g5 12. Bg3 Ne7 13. Nxc5 Bc6 14. Ne6
Rd7 15. Rxd7 Bxd7 16. Nxc7 h5 17. N7d5 Nxd5 18. Nxd5 h4 19. Nb6+ Kd8 20. Rd1
hxg3 21. Rxd7+ Ke8 22. hxg3 Bc5 23. Rxb7 Bxb6 1-0

[Event "European Blitz Championship 2021"]
[Site "Katowice"]
[Date "2021.12.17"]
[Round "10.12"]
[White "Kacprzak, Kacper"]
[Black "Mirzoev, Emil"]
[Result "1-0"]
[WhiteElo "2245"]
[BlackElo "2474"]
[Annotator "ChessBase"]
[PlyCount "67"]
[EventDate "2021.12.17"]
[EventType "swiss"]
[EventCountry "POL"]
[SourceTitle "playchess.com"]
[Source "ChessBase"]
[SourceQuality "1"]

1. e4 e6 2. d4 d5 3. Nc3 Nc6 4. Nf3 Nf6 5. e5 Ne4 6. Bd3 Bb4 7. Bd2 Nxd2 8.
Qxd2 O-O 9. a3 Ba5 10. O-O Bd7 11. Rfe1 Bb6 12. Ne2 f6 13. exf6 Qxf6 14. c3 e5
15. dxe5 Nxe5 16. Ned4 Nxd3 17. Qxd3 Rae8 18. b4 c6 19. a4 a5 20. bxa5 Bxa5 21.
Rab1 Bc8 22. h3 Bc7 23. c4 dxc4 24. Qxc4+ Kh8 25. Qc5 Bd6 26. Qc4 g6 27. a5 Qf4
28. Qc3 Qf6 29. Qd3 Rd8 30. Qc4 Bb8 31. Ne6 Bxe6 32. Rxe6 Qf5 33. Rbe1 Qd5 34.
Qc3+ 1-0

[Event "European Blitz Championship 2021"]
[Site "Katowice"]
[Date "2021.12.17"]
[Round "10.12"]
[White "Kukula, Pawel"]
[Black "Posluszny, Tomasz"]
[Result "1-0"]
[WhiteElo "2191"]
[BlackElo "1803"]
[Annotator "NA"]
[PlyCount "117"]
[EventDate "2021.12.17"]
[EventType "swiss"]
[EventCountry "POL"]
[SourceTitle "playchess.com"]
[Source "ChessBase"]
[SourceQuality "1"]

1. d4 Nf6 2. c4 c5 3. e3 d5 4. Nf3 e6 5. Nbd2 cxd4 6. exd4 Nc6 7. c5 Bd7 8. Bd3
b6 9. cxb6 Qxb6 10. O-O Bd6 11. Nb3 a5 12. Bg5 a4 13. Nc5 Bxc5 14. dxc5 Qxc5
15. Rc1 Qd6 16. a3 e5 17. Bb1 d4 18. Re1 O-O 19. Qc2 g6 20. Nd2 Rac8 21. Qxa4
Ne7 22. Qd1 Rxc1 23. Qxc1 Rc8 24. Qd1 Ned5 25. Ne4 Nxe4 26. Bxe4 f5 27. Bxd5+
Qxd5 28. Bf6 Bc6 29. f3 Re8 30. Qd2 Kf7 31. Bg5 e4 32. fxe4 Rxe4 33. Rxe4 fxe4
34. Qf4+ Qf5 35. Qc7+ Bd7 36. h4 e3 37. Qc4+ Be6 38. Qxd4 e2 39. Qf2 Qxf2+ 40.
Kxf2 Bc4 41. b4 Ke6 42. a4 Kd5 43. Bd2 Bb3 44. a5 Bc4 45. Ke3 Ke5 46. g4 Kd5
47. Kf4 Kd4 48. Kg5 Ke4 49. Kh6 Kf3 50. g5 Kg4 51. Be1 Kf3 52. Kxh7 Bd3 53. a6
Bxa6 54. Kxg6 Kg4 55. h5 Bd3+ 56. Kh6 Kf5 57. g6 Kf6 58. Bc3+ Ke7 59. Kg7 1-0